<?xml version="1.0" encoding="UTF-8"?>
<collection xmlns="http://www.loc.gov/MARC21/slim">
 <record>
  <leader>00692nam#a2200289#c#4500</leader>
  <controlfield tag="001">UMA-14774</controlfield>
  <controlfield tag="003">UMA</controlfield>
  <controlfield tag="005">20241122    132535</controlfield>
  <controlfield tag="008">130319suuuu####mx###########||||#0#spa#d</controlfield>
  <datafield tag="020" ind1="#" ind2="#">
   <subfield code="a">0324317026</subfield>
  </datafield>
  <datafield tag="041" ind1="#" ind2="#">
   <subfield code="a">spa</subfield>
  </datafield>
  <datafield tag="044" ind1="#" ind2="#">
   <subfield code="a">mx#</subfield>
  </datafield>
  <datafield tag="080" ind1="#" ind2="#">
   <subfield code="a">658</subfield>
  </datafield>
  <datafield tag="092" ind1="#" ind2="#">
   <subfield code="a">658</subfield>
  </datafield>
  <datafield tag="100" ind1="#" ind2="#">
   <subfield code="a">Czinkota, Michael R.</subfield>
  </datafield>
  <datafield tag="245" ind1="#" ind2="#">
   <subfield code="a">Marketing internacional</subfield>
  </datafield>
  <datafield tag="250" ind1="#" ind2="#">
   <subfield code="a">8 a. ed.</subfield>
  </datafield>
  <datafield tag="260" ind1="#" ind2="#">
   <subfield code="a">México</subfield>
   <subfield code="b">Cengage Learning</subfield>
   <subfield code="c">2008</subfield>
  </datafield>
  <datafield tag="300" ind1="#" ind2="#">
   <subfield code="a">646 p. ; 27 cm.</subfield>
  </datafield>
  <datafield tag="336" ind1="#" ind2="#">
   <subfield code="a">texto</subfield>
  </datafield>
  <datafield tag="337" ind1="#" ind2="#">
   <subfield code="a">no mediado</subfield>
  </datafield>
  <datafield tag="338" ind1="#" ind2="#">
   <subfield code="a">volumen</subfield>
  </datafield>
  <datafield tag="650" ind1="#" ind2="#">
   <subfield code="a">Investigación de mercados</subfield>
  </datafield>
  <datafield tag="650" ind1="#" ind2="#">
   <subfield code="a">Mercado internacional</subfield>
  </datafield>
  <datafield tag="650" ind1="#" ind2="#">
   <subfield code="a">Oferta y demanda</subfield>
  </datafield>
  <datafield tag="650" ind1="#" ind2="#">
   <subfield code="a">Economía paralela</subfield>
  </datafield>
  <datafield tag="650" ind1="#" ind2="#">
   <subfield code="a">Marketing global</subfield>
  </datafield>
 </record>
</collection>
